Lee Evans Filmography - Statistics

General Stats
  • This quiz has been taken 13 times
    8 since last reset
  • The average score is 3 of 42
Answer Stats
Type Year Name % Correct
Documentary 2014 Lee Evans: Monsters
33%
Stand-Up Special 2002 Lee Evans: Wired and Wonderful - Live at Wembley
33%
Film 1997 MouseHunt
33%
Film 2005 The Magic Roundabout
33%
Film 1998 There's Something About Mary
33%
Theater 2013-2014 Barking in Essex
17%
TV Show 2009 Doctor Who
17%
Film 1995 Funny Bones
17%
Stand-Up Special 1994 Lee Evans: Live at Her Majesty's
17%
Stand-Up Special 1998 Lee Evans: Live in Scotland
17%
Stand-Up Special 1996 Lee Evans Live: The Different Planet Tour
17%
Stand-Up Special 2005 Lee Evans: XL Tour Live 2005
17%
Short Film 1996 Brooms
0%
TV Show 2001 Celebrity Big Brother
0%
TV Film 1995 Clair de Lune
0%
TV Mini-Series 2002 Dinotopia
0%
Theater 2004 Endgame
0%
Film 2004 Freeze Frame
0%
Film 2003 Jester Till
0%
Stand-Up Special 2009 Lee Evans: Access All Arenas
0%
Stand-Up Special 2008 Lee Evans: Big Live at the O2
0%
Stand-Up Special 1995 Lee Evans: Live from the West End
0%
Stand-Up Special 2011 Lee Evans: Roadrunner Live at the O2
0%
TV Documentary 2005 Lee Evans Up Close
0%
Theater 2018 Pinter Three
0%
Film 2002 Plots with a View
0%
TV Show 2001 So What Now?
0%
Short Film 2001 Stand Up, Fall Over, It's Lee Evans
0%
Short Film 1998 The Adventure Starts Here
0%
TV Film 2007 The Dinner Party
0%
Theater 2007 The Dumb Waiter
0%
Film 1997 The Fifth Element
0%
TV Film 2007 The History of Mr Polly
0%
Film 2000 The Ladies Man
0%
Film 2001 The Martins
0%
Film 2003 The Medallion
0%
Theater 2004-2005 The Producers
0%
TV Show 1995 The World of Lee Evans
0%
TV Show 1995, 1996 Top of the Pops
0%
Film 2003 Vacuums
0%
TV Show 1993 Viva Cabaret
0%
Theater 2017 Whither Would You Go?
0%
No matching quizzes found
Score Distribution
Percent of People with Each Score
Percentile by Number Answered
Your Score History
You have not taken this quiz since the last reset